Statistics for Transition

Click here to take the quiz!

General Stats

  • This quiz has been taken 21 times
  • The average score is 19 of 75

Answer Stats

HintAnswer% Correct
2Additionally
100%
5Also
100%
74While
100%
14Consequently
67%
21For example
67%
22For instance
67%
29In addition
67%
59Subsequently
67%
71Whenever
67%
72Whereas
67%
73Wherever
67%
75Yet
67%
3After
33%
4Afterwards
33%
8As a result
33%
11Besides
33%
18Finally
33%
19First
33%
20Firstly
33%
24Further
33%
25Furthermore
33%
26Hence
33%
27However
33%
30In contrast
33%
36Last
33%
37Lastly
33%
38Likewise
33%
40Moreover
33%
42Nevertheless
33%
43Next
33%
49On the other hand
33%
52Primarily
33%
53Second
33%
54Secondly
33%
56Since
33%
57So far
33%
61Therefore
33%
62Third
33%
63Thirdly
33%
65Thus
33%
66To clarify
33%
69To repeat
33%
1Accordingly
0%
6Although
0%
7As an illustration
0%
9At length
0%
10At the same time
0%
12Centrally
0%
13Chiefly
0%
15Critically
0%
16Despite
0%
17Even more
0%
23Foundationally
0%
28Immediately
0%
31In like manner
0%
32In similar fashion
0%
33In the first place
0%
34In the same way
0%
35In the second place
0%
39Meantime
0%
41Most importantly
0%
44Nonetheless
0%
45Notwithstanding
0%
46Of less importance
0%
47On account of
0%
48On the contrary
0%
50Otherwise
0%
51Peripherally
0%
55Simultaneously
0%
58Specifically
0%
60That is
0%
64Though
0%
67To explain
0%
68To illustrate
0%
70Until now
0%

Score Distribution

Percentile by Number Answered

Percent of People with Each Score

Your Score History

You have not taken this quiz